000
00294nam a2200109Ia 4500
008
231011s9999 xx 000 0 und d
041
_a
eng
100
_a
Nicholas V Luppa
245
_a
Management Bay Quit and Other Uncensored Tactics
260
_b
Pitman Books Ltd California -
365
_b
238
999
_c
884280
_d
884280